000
00216 a2200097 4500
001
28321
100
_a
Crosson, F J
245
_a
Philosophy and Cybernetics
260
_a
_b
Simon & Schusler
_c
090
_c
18930
_d
18930
942
_a
NUST-CAE
_c
M
_c
9925
999
_c
263394
_d
263394